Los efectos de la invalidez de los contratos administrativos en la jurisprudencia (Registro nro. 16678)
[ vista simple ]
| 000 -LEADER | |
|---|---|
| fixed length control field | 00364 a2200109 4500 |
| 001 - CONTROL NUMBER | |
| control field | ART_2614 |
| 005 - DATE AND TIME OF LATEST TRANSACTION | |
| control field | 20260410161718.0 |
| 008 - FIXED-LENGTH DATA ELEMENTS--GENERAL INFORMATION | |
| fixed length control field | 260409a |
| 100 1# - MAIN ENTRY--PERSONAL NAME | |
| Personal name | Ugolini, Daniela |
| 245 10 - TITLE STATEMENT | |
| Title | Los efectos de la invalidez de los contratos administrativos en la jurisprudencia |
| 773 0# - HOST ITEM ENTRY | |
| Title | Derecho administrativo |
| Related parts | - Nº 75 (ene./mar. 2011) |
| Record control number | REV1721 |
No hay ítems disponibles.